Project management: The essential guide to thinking and working smarter
This book offers advice on the key skills required by the successful project manager - effective planning, goal and objective setting, scheduling, time management, progress monitoring, and the control of quality and output.
Tallennettuna:
| Päätekijä: | |
|---|---|
| Aineistotyyppi: | Kirja |
| Kieli: | Undetermined |
| Julkaistu: |
New York
Amacom
2000
|
| Aiheet: | |
| Tagit: |
Lisää tagi
Ei tageja, Lisää ensimmäinen tagi!
|
| Thư viện lưu trữ: | Trung tâm Học liệu Trường Đại học Cần Thơ |
|---|
| LEADER | 00818nam a2200205Ia 4500 | ||
|---|---|---|---|
| 001 | CTU_42287 | ||
| 008 | 210402s9999 xx 000 0 und d | ||
| 020 | |b 194.000đ | ||
| 082 | |a 658.404 | ||
| 082 | |b H682 | ||
| 100 | |a Peter Hobbs | ||
| 245 | 0 | |a Project management: The essential guide to thinking and working smarter | |
| 245 | 0 | |c Peter Hobbs | |
| 260 | |a New York | ||
| 260 | |b Amacom | ||
| 260 | |c 2000 | ||
| 520 | |a This book offers advice on the key skills required by the successful project manager - effective planning, goal and objective setting, scheduling, time management, progress monitoring, and the control of quality and output. | ||
| 650 | |a industrial management - evaluation,industrial project management | ||
| 904 | |i Minh, 010719 | ||
| 980 | |a Trung tâm Học liệu Trường Đại học Cần Thơ | ||